书目信息 |
| 题名: |
元史 二
|
|
| 作者: | 宋濂 撰 | |
| 分册: | ||
| 出版信息: | 北京 中华书局 1999.10 |
|
| 页数: | ||
| 开本: | 32开 | |
| 丛书名: | ||
| 单 册: | ||
| 中图分类: | K247.042 | |
| 科图分类: | ||
| 主题词: | 中国--历史 | |
| 电子资源: | ||
| ISBN: | ||
| 000 | 00484nam0 2200181 45 | |
| 001 | 0103270998 | |
| 005 | 20010327094406.8 | |
| 100 | @a20010327d1999 km y0chiy0120 ea | |
| 101 | 0 | @achi |
| 105 | @a z 000yy | |
| 200 | 1 | @a元史 二@AYuan Shi Er@f(明)宋濂等撰@F(Ming)Song Lian Deng Zhuan |
| 210 | @a北京@c中华书局@d1999.10 | |
| 215 | @d32开 | |
| 606 | 0 | @a中国@x历史 |
| 690 | @aK247.042@v3 | |
| 701 | 0 | @a宋濂@4撰 |
| 801 | @aCN@bPftUser@c20010327 | |
| 905 | @dK247.042@eS.453:2@b332565@f1 | |
| 元史 二/(明)宋濂等撰.-北京:中华书局,1999.10 |
| 32开 |
| ISBN : |
| ● |
| 相关链接 |
|
|
|
正题名:元史二
索取号:K247.042/S.453:2
 
预约/预借
| 序号 | 登录号 | 条形码 | 馆藏地/架位号 | 状态 | 备注 |
| 1 | 332565 | 203325650 | 自科二线404/400A自科库 5排2列1层/ [索取号:K247.042/S.453:2] | 在馆 |